000 00536nam a2200181Ia 4500
999 _c14382
_d14382
003 OSt
005 20201028100957.0
008 190216s9999||||xx |||||||||||||| ||und||
020 _a9780192832825
040 _coclc
082 _a882.01
_bCOL/A
100 _aCollard, Christopher
_96125
245 0 _aAeschylus Persians And Other Plays /
_cChristopher Collard
260 _bOxford University Press,
_aNew York:
_c2008.
300 _a286p
650 _aEnglish
942 _cBK
_2ddc
_h882.01
_iCOL/A
_k882.01
_mCOL/A